南部縦貫鉄道線の駅 - Statistics

General Stats
  • This quiz has been taken 3 times
  • The average score is 4 of 11
Answer Stats
所在地 駅名 % Correct
野辺地町 野辺地
100%
七戸町 七戸
100%
天間林村 (現:七戸町) 天間林
67%
東北町 西千曳
33%
天間林村 (現:七戸町)
33%
天間林村 (現:七戸町) 坪川
33%
七戸町 営農大学校前
33%
七戸町 盛田牧場前
33%
天間林村(現:七戸町) 後平
0%
天間林村 (現:七戸町) 道ノ上
0%
天間林村 (現:七戸町) 中野
0%
No matching quizzes found
Score Distribution
Percent of People with Each Score
Percentile by Number Answered
Your Score History
You have not taken this quiz